000 01395 a2200241 4500
001 24976
005 20260407155532.0
008 260407a1996 arg spa d
003 AR-UNSa-BCEJYS
040 _aAR-UNSa-BCEJYS
_bspa
_cAR-UNSa-BCEJYS
080 _a316.728
_xEstilo de vida. Sociología de la vida cotidiana
245 1 0 _aLa calidad de vida
020 _a978-968-16-4898-5
264 1 _aMéxico :
_bFondo de Cultura Económica
_c1996
300 _a588 p.
_c23 cm.
505 _a1. ¿Igualdad de qué? Sobre el bienestar, los bienes y las capacidades - 2. Capacidad y bienestar - 3.Descripciones de la desigualdad: el enfoque sueco de la investigación sobre el bienestar - 4. Tener, amar, ser: una alternativa al modelo sueco de investigación sobre el bienestar - 5. Medidas de calidad de vida en el cuidado de la salud y la ética médica - 6. La objetividad y la distinción ciencia-ética - 7. Objetividad y significado social - 8. El valor, el deseo y la calidad de vida - 9. La explicación y la razón práctica - 10. Virtudes no relativas: un enfoque aristotélico
942 _cBK
590 _aniveau_biblio:m niveau_hierar:0
100 1 _aNussbaum, Martha C.
700 1 _aSen, Amartya
700 1 _aReyes Mazzoni, Roberto
856 4 1 _uhttps://biblioeco.unsa.edu.ar/pmb/images/libros/La calidad de vida Nussbaum, Martha C. (1996).jpg
_yImagen de portada
_qimage/jpeg
999 _c1253
_d1253